Nagarikar patat bahiragata samasya/ (Record no. 11185)

MARC details
000 -LEADER
fixed length control field 00569nam a22002057a 4500
005 - DATE AND TIME OF LATEST TRANSACTION
control field 20210806133533.0
008 - FIXED-LENGTH DATA ELEMENTS--GENERAL INFORMATION
fixed length control field 210806b ||||| |||| 00| 0 eng d
020 ## - INTERNATIONAL STANDARD BOOK NUMBER
International Standard Book Number 9788176654807
040 ## - CATALOGING SOURCE
Original cataloging agency IN-DiNC
Transcribing agency IN-DiNC
041 ## - LANGUAGE CODE
Language code of sung or spoken text Assamese
082 ## - DEWEY DECIMAL CLASSIFICATION NUMBER
Classification number 304.82
Item number BOR
100 ## - MAIN ENTRY--PERSONAL NAME
Personal name Borgohain, Homen
Relator term Author
245 ## - TITLE STATEMENT
Title Nagarikar patat bahiragata samasya/
Statement of responsibility, etc. By Homen Borgohain
250 ## - EDITION STATEMENT
Edition statement 1st ed.
260 ## - PUBLICATION, DISTRIBUTION, ETC.
Place of publication, distribution, etc. Guwahati:
Name of publisher, distributor, etc. Students stores,
Date of publication, distribution, etc. 2013
300 ## - PHYSICAL DESCRIPTION
Extent xviii, 112p.
650 ## - SUBJECT ADDED ENTRY--TOPICAL TERM
Topical term or geographic name entry element Immigration in Assam
700 ## - ADDED ENTRY--PERSONAL NAME
Personal name Sabhapandit, Ranjit
Relator term Editor
942 ## - ADDED ENTRY ELEMENTS (KOHA)
Source of classification or shelving scheme Dewey Decimal Classification
Koha item type Books
Holdings
Withdrawn status Lost status Source of classification or shelving scheme Damaged status Not for loan Collection code Home library Current library Shelving location Date acquired Cost, normal purchase price Total Checkouts Full call number Barcode Date last seen Copy number Price effective from Koha item type
    Dewey Decimal Classification     Sociology Naharkatiya College Library Naharkatiya College Library General Stacks 06/08/2021 75.00   304.82 BOR 21877 06/08/2021 1 06/08/2021 Books

Naharkatiya College © 2020. All rights reserved.

Powered By